000 00634nam a22002057a 4500
999 _c15141
_d15141
003 AR-CdUCM
008 190426b ||||| |||| 00| 0 spa d
020 _a978-607-618-241-3
040 _aMUNICIPALIDAD PROVINCIAL DEL CUSCO
_cBIBLIOTECA MUNICIPAL DEL CUSCO
041 _hspa
082 _aEP / 808..06 /
_bAU88
110 _aAuzou
_933894
245 _aLas mil y una noches :
_bscherezada /
260 _aMéxico :
_bAuzou,
_c2015.
300 _a24 páginas ;
_bIlustraciones,
_c22 cm.
650 _aLiteratura infantil
_9588
700 _aAparicio, Irene (traducción)
_934157
942 _2ddc
_cLIBROS
945 _aacv
_d2019-04-26